000 00937nam a2200217Ia 4500
001 9286
003 GE_BSU
008 181216s||||||||xx |||||||||||||| ||und||
040 _cGE_BSU
080 _a821.353.1–1+329.150.1
245 _aლენინის სახელით,პარტიის სახელით
245 _bქართველი პოეტების ლექსების კრებული
245 _cრედ. ირ.აბაშიძე,მხატვ.ჯ.ყავლაშვილი,ო.ჯიშკარიანი
260 _aთბილისი
260 _bნაკადული
260 _c1963
300 _a43გვ.16სმ.
653 _aლენინის სახელით,პარტიის სახელით
653 _aქართველი პოეტების ლექსების კრებული
942 _cBK
999 _c42584
_d42584